|
|
|
|
| LEADER |
00824nam a22002532a 4500 |
| 001 |
001088731 |
| 003 |
CZ BrMZK |
| 005 |
20100628114355.0 |
| 007 |
ta |
| 008 |
100302s1909 xr er|||||||||||cze d |
| 015 |
|
|
|a cnb000640812
|z cnb001857747
|
| 040 |
|
|
|a ABA001
|b cze
|c BOA001
|d BOA001
|
| 041 |
1 |
|
|a cze
|h srp
|
| 100 |
1 |
|
|a Matavulj, Simo,
|d 1852-1908
|7 jo20000080595
|4 aut
|
| 245 |
1 |
0 |
|a Bělehradské povídky /
|c Sime Matavulj
|
| 260 |
|
|
|a Praha :
|b J. Otto,
|c [1909]
|f (Unie)
|
| 300 |
|
|
|a 100 s. ;
|c 12°
|
| 490 |
1 |
|
|a Světová knihovna ;
|v č. 749-750
|
| 500 |
|
|
|a Přeloženo ze srbštiny
|
| 830 |
|
0 |
|a Světová knihovna (J. Otto)
|0 s
|
| 856 |
4 |
1 |
|u http://www.digitalniknihovna.cz/mzk/uuid/uuid:83069810-4499-11e4-aded-005056827e51
|y Digitalizovaný dokument
|x NDK
|
| 910 |
|
|
|a BOA001
|b 1-0299.666
|
| 990 |
|
|
|a BK
|
| 991 |
|
|
|b 201002
|